000 00748cam a22002653a 4500
001 783
003 PGUSA
005 20140828082952.0
008 970101s1997||||xxu|||||s|||||000 1 eng d
040 _aPGUSA
_beng
042 _adc
050 4 _aPZ
100 1 _aBadger, Jos. E.
_q(Joseph Edward),
_d1848-1909
245 1 4 _aThe Lost City
_h[electronic resource] /
_cJos. E. Badger
260 _bProject Gutenberg,
_c1997
506 _aPublic domain in the USA.
516 _aElectronic text
653 _aUncles -- Juvenile fiction
653 _aAdventure stories
653 _aFantasy fiction
653 _aNephews -- Juvenile fiction
830 0 _aProject Gutenberg
_v783
856 4 0 _uhttp://www.gutenberg.org/ebooks/783
942 _cEB
999 _c230134
_d230134